| 000 | 00891nam a22002297a 4500 | ||
|---|---|---|---|
| 003 | OSt | ||
| 005 | 20210225153149.0 | ||
| 008 | 210225s1997 Lun||||fr|||| 00| 0dspa d | ||
| 040 |
_aCO-JMCR _cCO-JMCR |
||
| 041 | 0 |
_aspa _aeng |
|
| 082 | 0 | 4 |
_a382 / _bB779d _223 |
| 100 | 1 |
_aBoutin I, Gilberto, _eautor _913959 |
|
| 245 | 1 | 0 |
_aDel tratado del factoraje internacional / _cGilberto Boutin I. |
| 260 |
_aPanamá : _bEtude Maitre Boutin, _c1997 |
||
| 300 |
_aviii, 95 páginas ; _c23 cm. |
||
| 500 | _aIncluye datos biográficos del autor. | ||
| 504 | _aBibliografía: página 95 | ||
| 505 | 0 | _aIntroducción general del contrato de factoraje -- Convención de Unidoit sobre factoring internacional -- Del sistema de solución de conflictos o del derecho internacional privado panameño | |
| 650 | 1 | 4 |
_aComercio internacional _94034 |
| 650 | 1 | 4 |
_aContrato de factoraje _913960 |
| 942 |
_2ddc _cBK |
||
| 999 |
_c7334 _d7334 |
||